| 000 | 00627nam a2200181 a 4500 | ||
|---|---|---|---|
| 001 | BRCA_290 | ||
| 005 | 20190320202940.0 | ||
| 008 | 890811s1987 mx-a---###---#000-0#spa-# | ||
| 050 | 4 |
_aF1391.P8 _b.C38 1987 |
|
| 100 | 1 |
_aCastro Morales, Efraín _9973 |
|
| 245 | 1 | 0 |
_aEl federalismo en Puebla _cEfraín Castro Morales. |
| 260 |
_aPuebla _bGoberno del Estado de Puebla, Secretaría de Cultura _c1987 |
||
| 300 |
_a239 p., 18 hojas de láminas _bil. _c22 cm. |
||
| 440 | 0 |
_aBibliotheca angelopolitana _v2 _9974 |
|
| 504 | _aBibliografía: p. 231-238 | ||
| 650 | 1 | 4 |
_aPuebla (Estado) _vPolítica y gobierno _xHistoria _9975 |
| 942 |
_2lcc _cB |
||
| 999 |
_c234 _d234 |
||